| 000 | 00727nam a2200217Ia 4500 | ||
|---|---|---|---|
| 005 | 20240530110953.0 | ||
| 008 | 140319s2008 xx 000 0 ara d | ||
| 020 | _a9775433606 | ||
| 040 |
_aGCL / _cGCL |
||
| 082 | 0 | 4 |
_a651.78 / _bا ا |
| 100 | 1 | _aاحمد ماهر | |
| 245 | 1 | 0 |
_aاعداد وكتابة التقارير / _c تاليف احمد ماهر |
| 260 |
_aالاسكندرية : _bالدار الجامعية، _c2008 |
||
| 300 |
_a193 ص ؛ _c24 سم |
||
| 490 | _aسلسلة ابن مهاراتك وتدرب على | ||
| 650 | 0 | 4 | _aكتابة التقارير |
| 650 | 0 | 4 | _aالادارة |
| 650 | 0 | 4 | _aعرض المعلومات |
| 942 |
_2ddc _cBK |
||
| 999 |
_c67046 _d67046 |
||